000 01142cam a2200313 i 4500
999 _c2365
_d2365
001 17901024
003 GZU
005 20201029093556.0
008 130927s2015 cau b 001 0 eng
010 _a 2013038717
020 _a9781483333113 (alk. paper)
040 _aDLC
_beng
_cDLC
_erda
042 _apcc
050 0 0 _aHV6570
_b.C756 2015
082 0 0 _a362.76
_223
100 1 _aCrosson-Tower, Cynthia.
245 1 0 _aConfronting child and adolescent sexual abuse /
_cCynthia Crosson-Tower, Professor Emerta, Fitchburg State University
264 1 _aLos Angeles :
_bSAGE Publications,
_c[2015]
300 _axxi, 353 pages ;
_c23 cm
336 _atext
_2rdacontent
337 _aunmediated
_2rdamedia
338 _avolume
_2rdacarrier
504 _aIncludes bibliographical references (pages 313-339) and index.
650 0 _aChild sexual abuse.
650 0 _aSexually abused children
_xRehabilitation.
906 _a7
_bcbc
_corignew
_d1
_eecip
_f20
_gy-gencatlg
942 _2lcc
_cBK
_h6570
_iTOW
_kHV
_m2015